| 000 | 00363nam a2200121Ia 4500 | ||
|---|---|---|---|
| 008 | 200918s9999 xx 000 0 und d | ||
| 020 | _a978-621-406-133-4 | ||
| 100 | _aLim, Romeo D. | ||
| 245 |
_cRomeo D. Lim _aUnderstanding travel and tours essentials/ |
||
| 260 |
_aManila: _bMindshapers Co., Inc. _c2017 |
||
| 300 |
_axiv, 312 pages _c25 cm. |
||
| 650 | _aTourism | ||
| 999 |
_c364287 _d364287 |
||